[Event "RUS"]
[Site "?"]
[Date "2006.04.26"]
[Round "7"]
[White "Miton Kamil"]
[Black "Shirov Alexei"]
[Result "1/2-1/2"]
[WhiteElo "2646"]
[BlackElo "2699"]
[PlyCount "54"]
[EventDate "2006.??.??"]
[Source "www.chesslib.no"]
[SourceDate "2004.05.04"]

1. d4 Nf6 2. c4 g6 3. Nc3 d5 4. Qb3 c5 5. cxd5 cxd4 6. Qa4+ Nbd7 7. Qxd4 Bg7 8. e4 O-O 9. Nf3 Ng4 10. Qd2 Nc5 11. Bd3 b5 12. O-O b4 13. Ne2 Nxd3 14. Qxd3 a5 15. h3 Ba6 16. Qd2 Ne5 17. Nxe5 Bxe5 18. Rd1 Rc8 19. Nd4 Rc4 20. Nc6 Qd6 21. Nxe5 Qxe5 22. b3 Rxe4 23. Bb2 Qd6 24. Re1 Rxe1+ 25. Rxe1 Bb7 26. Qd4 f6 27. Re6 Qxd5 1/2-1/2

[Event "Noyabrsk Fakel Jamala"]
[Site "Noyabrsk"]
[Date "2003.11.22"]
[Round "5"]
[White "Yakovich, Yuri"]
[Black "Kovchan, Alexander"]
[Result "1-0"]
[WhiteElo "2573"]
[BlackElo "2561"]
[PlyCount "103"]
[EventDate "2003.11.18"]
[Source "ChessBase"]
[SourceDate "2004.03.30"]

1. d4 Nf6 2. c4 g6 3. Nc3 d5 4. Qb3 dxc4 5. Qxc4 Bg7 6. e4 O-O 7. Be2 a6 8. Bf4 b5 9. Qxc7 b4 10. Qxd8 Rxd8 11. Na4 Nc6 12. d5 Nd4 13. Bd3 Bd7 14. Nb6 Bb5 15. Rd1 Rab8 16. Bxb8 Rxb8 17. Bxb5 Nxb5 18. Na4 Nxe4 19. Nf3 Rd8 20. O-O Nf6 21. Rfe1 Rxd5 22. Rxd5 Nxd5 23. Rc1 Nbc7 24. Ne1 Bd4 25. Rc4 Ba7 26. Nd3 a5 27. Nf4 Kg7 28. Nxd5 Nxd5 29. Rc6 Bd4 30. Ra6 Nf4 31. Rxa5 Nd3 32. Rd5 e5 33. Kf1 Kf6 34. f3 Ke6 35. Rb5 f5 36. a3 bxa3 37. bxa3 e4 38. fxe4 fxe4 39. Nb6 e3 40. Nd5 Nc5 41. Nf4+ Kd6 42. Ke2 g5 43. Nd3 Ne4 44. Rb7 h5 45. Ne1 Bc5 46. Nc2 Nc3+ 47. Kd3 Nd5 48. g3 Ke6 49. Rb8 h4 50. Re8+ Kf5 51. a4 h3 52. Nxe3+ 1-0

[Event "22nd GP Open A"]
[Site "Le Touquet FRA"]
[Date "2007.10.30"]
[Round "5"]
[White "Savchenko, S."]
[Black "Feller, S."]
[Result "1/2-1/2"]
[WhiteElo "2604"]
[BlackElo "2513"]
[PlyCount "37"]
[EventDate "2007.10.27"]
[Source "www.chesslib.no"]
[SourceDate "2004.05.04"]

1. d4 Nf6 2. c4 g6 3. Nc3 d5 4. Qb3 dxc4 5. Qxc4 Bg7 6. e4 O-O 7. Be2 Nfd7 8. Be3 Nb6 9. Qc5 f5 10. Rd1 fxe4 11. Nxe4 Be6 12. b3 Bd5 13. Qc2 Nc6 14. Nf3 Nb4 15. Qd2 Bxe4 16. Qxb4 Nd5 17. Qd2 Bxf3 18. Bxf3 Nxe3 19. fxe3 1/2-1/2

[Event "Helsinki"]
[Site "?"]
[Date "1992.??.??"]
[Round "?"]
[White "Yakovich, Y."]
[Black "Ernst, Th"]
[Result "0-1"]
[WhiteElo "2520"]
[BlackElo "2570"]
[PlyCount "108"]
[EventDate "1992.??.??"]
[Source "ChessBase"]
[SourceDate "1992.06.01"]

1. d4 Nf6 2. c4 g6 3. Nc3 d5 4. Qb3 dxc4 5. Qxc4 Be6 6. Qb5+ Bd7 7. Qb3 Nc6 8. Nf3 Bg7 9. e4 O-O 10. h3 Rb8 11. Be3 b5 12. Bd3 b4 13. Ne2 a5 14. O-O a4 15. Qd1 Re8 16. Rc1 Rb7 17. Rc5 e6 18. Qd2 Bf8 19. Rcc1 e5 20. Nxe5 Nxe5 21. dxe5 Rxe5 22. Rfd1 Bb5 23. Bd4 Re6 24. Bxb5 Rxb5 25. Qc2 Nxe4 26. Nf4 Re8 27. Qxa4 Nd6 28. Bc5 Qg5 29. Nd5 Re2 30. Be3 Qf5 31. Nxc7 Re5 32. Rf1 R5xe3 33. fxe3 Qg5 34. Qc6 Qxe3+ 35. Kh1 Ne4 36. Nd5 Nf2+ 37. Rxf2 Qxf2 38. Nf6+ Kg7 39. Ng4 Qf4 40. Rb1 Bd6 41. Qa6 Rxb2 42. Rf1 Rxa2 43. Qd3 Rd2 44. Qb1 Qd4 45. Nf6 Be7 46. Ne4 Rb2 47. Qe1 Qe5 48. Qc1 f5 49. Ng5 Re2 50. Nf3 Qg3 51. Rg1 Bd6 52. Qa1+ Kh6 53. Qc1+ Bf4 54. Qc5 Qxf3 0-1

[Event "Rostov Open"]
[Site "Rostov RUS"]
[Date "1993.??.??"]
[Round "?"]
[White "Yakovich, Yuri"]
[Black "Dvoirys, Semen I"]
[Result "1/2-1/2"]
[WhiteElo "2510"]
[BlackElo "2565"]
[PlyCount "110"]
[EventDate "1993.05.??"]
[Source "www.chesslib.no"]
[SourceDate "2004.05.04"]

1. d4 Nf6 2. c4 g6 3. Nc3 d5 4. Qb3 dxc4 5. Qxc4 Bg7 6. e4 Nfd7 7. Be3 Nb6 8. Qc5 Na6 9. Bxa6 bxa6 10. Nge2 Qd6 11. Bf4 e5 12. Be3 Qxc5 13. dxc5 Nc4 14. Bc1 c6 15. b3 Na5 16. Be3 Nb7 17. Na4 O-O 18. O-O-O Be6 19. f3 Rfd8 20. Kc2 f6 21. Nc1 Rxd1 22. Rxd1 Rd8 23. Rxd8+ Nxd8 24. Nd3 a5 25. Kc3 Nb7 26. Nab2 Kf7 27. Nc4 Ke7 28. Nd6 Nxd6 29. cxd6+ Kxd6 30. Bxa7 Kc7 31. Bc5 Bc8 32. Nb2 Ba6 33. Nc4 a4 34. bxa4 Kd7 35. Ne3 Be2 36. Kd2 Ba6 37. Ke1 Bh6 38. Nc2 Bc4 39. Nb4 Bc1 40. a5 Ba3 41. Nd3 Bxd3 42. Bxa3 Bc4 43. Bc5 f5 44. Kd2 fxe4 45. fxe4 Bf1 46. g3 Kc7 47. g4 h5 48. gxh5 gxh5 49. Bf8 Bg2 50. Kd3 Bf1+ 51. Ke3 Bc4 52. a3 Bf1 53. Bg7 Kd6 54. Kd2 c5 55. Kc3 Be2 1/2-1/2

[Event "Excelsior Cup"]
[Site "?"]
[Date "2002.01.09"]
[Round "2"]
[White "Yakovich Yuri"]
[Black "Ernst Thomas"]
[Result "1/2-1/2"]
[WhiteElo "2593"]
[BlackElo "2436"]
[PlyCount "166"]
[EventDate "2002.??.??"]
[Source "www.chesslib.no"]
[SourceDate "2004.05.04"]

1. d4 Nf6 2. c4 g6 3. Nc3 d5 4. Qb3 dxc4 5. Qxc4 Bg7 6. e4 O-O 7. Be2 Nfd7 8. Be3 Nb6 9. Qc5 e5 10. Nf3 exd4 11. Bxd4 N8d7 12. Qa5 Bxd4 13. Nxd4 Qf6 14. Rd1 Qe5 15. Qxe5 Nxe5 16. f4 Nec4 17. Bxc4 Nxc4 18. b3 Ne3 19. Rd2 Rd8 20. Ndb5 Bd7 21. Rg1 Bxb5 22. Nxb5 c6 23. Nc3 Ng4 24. h3 Nf6 25. Ke2 Rxd2+ 26. Kxd2 Rd8+ 27. Ke3 Kf8 28. g4 Ke7 29. Rc1 Nd7 30. Rd1 f6 31. h4 h6 32. Ne2 Nc5 33. Rxd8 Kxd8 34. Ng3 Ke7 35. h5 Kf7 36. hxg6+ Kxg6 37. Nf5 a5 38. Nd6 a4 39. bxa4 b6 40. Nc8 Nxa4 41. Ne7+ Kf7 42. Nxc6 Nc3 43. Nb4 Ke6 44. f5+ Ke5 45. Nd3+ Kd6 46. Kd4 Nxa2 47. Kc4 b5+ 48. Kb3 Nc1+ 49. Nxc1 Ke5 50. Kb4 Kxe4 51. Kc5 Kf4 52. Kd5 Kxg4 53. Ke6 Kg5 54. Nd3 h5 55. Nf2 h4 56. Ne4+ Kf4 57. Nxf6 h3 58. Nd5+ Ke4 59. f6 h2 60. f7 h1=Q 61. Nf6+ Kd4 62. f8=Q Qc6+ 63. Kf7 Qc7+ 64. Kg6 Qg3+ 65. Kh6 Qf4+ 66. Kg7 Qg3+ 67. Kh8 Qh2+ 68. Nh7 Qe5+ 69. Kg8 Qg3+ 70. Kf7 Qc7+ 71. Kg6 Qc2+ 72. Kh6 Qh2+ 73. Kg7 Qg3+ 74. Kh8 Qe5+ 75. Nf6 Qh2+ 76. Kg7 Qg3+ 77. Kf7 Qc7+ 78. Kg6 Qg3+ 79. Kf5 Qf3+ 80. Kg5 Qe3+ 81. Kh4 Qf4+ 82. Kh5 Qf5+ 83. Kh6 Qf4+ 1/2-1/2

[Event "Bergen op"]
[Site "Bergen"]
[Date "2000.07.29"]
[Round "9"]
[White "Yakovich, Yuri"]
[Black "Elsness, Frode"]
[Result "1/2-1/2"]
[WhiteElo "2585"]
[BlackElo "2383"]
[PlyCount "94"]
[EventDate "2000.07.21"]
[Source "ChessBase"]
[SourceDate "2000.09.14"]

1. d4 Nf6 2. c4 g6 3. Nc3 d5 4. Qb3 dxc4 5. Qxc4 Bg7 6. e4 O-O 7. Be2 Na6 8. Be3 c5 9. dxc5 Be6 10. Qb5 Rc8 11. Nf3 Ng4 12. Rd1 Qc7 13. Bd4 Nxc5 14. Bxg7 Kxg7 15. O-O Rfd8 16. h3 Nf6 17. e5 Nd5 18. Nxd5 Rxd5 19. Rxd5 Bxd5 20. b4 Bxf3 21. Bxf3 Ne6 22. Rd1 b6 23. Bg4 Rd8 24. Rxd8 Qxd8 25. Bxe6 fxe6 26. Qc4 Qd1+ 27. Kh2 Qd5 28. Qe2 a5 29. bxa5 bxa5 30. g3 a4 31. Qb2 Qc5 32. a3 h5 33. h4 Kf7 34. Kg1 Qc4 35. Qd2 Kg7 36. Qe3 Qb3 37. Qc5 Kf7 38. Qc1 Kg7 39. Kf1 Qb5+ 40. Kg2 Qxe5 41. Qc2 Qd5+ 42. Kh2 Qd4 43. Kg2 e5 44. Qc6 Kf7 45. Qf3+ Kg7 46. Qc6 Qd1 47. Qe8 Kf6 1/2-1/2

[Event "Mind Sports Games - Blitz Team"]
[Site "Pechino CINA"]
[Date "2008.10.13"]
[Round "7"]
[White "Pedersen, Stef"]
[Black "Mogranzini, R."]
[Result "0-1"]
[WhiteElo "2457"]
[BlackElo "2415"]
[PlyCount "104"]
[EventDate "2008.10.13"]
[Source "www.chesslib.no"]
[SourceDate "2004.05.04"]

1. d4 Nf6 2. c4 g6 3. Nc3 d5 4. Qb3 dxc4 5. Qxc4 Bg7 6. e4 O-O 7. Be2 Nc6 8. d5 Ne5 9. Qb3 c6 10. Bf4 Ned7 11. dxc6 bxc6 12. Rd1 Qb6 13. Qc2 e5 14. Be3 Qa5 15. Nf3 Ng4 16. Bd2 Qc5 17. O-O Nb6 18. h3 Nf6 19. Be3 Qe7 20. Na4 Qc7 21. Bc5 Re8 22. Bd6 Qd8 23. Bxe5 Qe7 24. Nc5 Nbd7 25. Bd6 Qd8 26. Bc4 Qb6 27. Bxf7+ Kxf7 28. Qc4+ Nd5 29. exd5 Qb5 30. Qf4+ Kg8 31. Ne6 Qxb2 32. dxc6 Nf6 33. Nc7 Nh5 34. Qc4+ Be6 35. Nxe6 Kh8 36. Nxg7 Nxg7 37. Rfe1 Rec8 38. Be5 Qb6 39. Rd7 Rg8 40. Ng5 Raf8 41. Nf7+ Rxf7 42. Rxf7 Qa5 43. Rxg7 Qxe1+ 44. Kh2 Qxe5+ 45. g3 Qxg7 46. Qd3 Rc8 47. Qe3 h6 48. Qc5 Rc7 49. Qd5 Kh7 50. Qc5 Qe7 51. Qd5 Qf7 52. Qe4 Qxf2+ 0-1

[Event "CSR Ch"]
[Site "Trinec CZE"]
[Date "1988.??.??"]
[Round "12"]
[White "Tibensky, Robert"]
[Black "Stohl, Igor"]
[Result "1/2-1/2"]
[WhiteElo "2390"]
[BlackElo "2445"]
[PlyCount "24"]
[EventDate "1988.08.??"]
[Source "www.chesslib.no"]
[SourceDate "2004.05.04"]

1. d4 Nf6 2. c4 g6 3. Nc3 d5 4. Qb3 dxc4 5. Qxc4 Bg7 6. Bf4 c6 7. e4 O-O 8. Rd1 Qb6 9. Rd2 Be6 10. Qa4 c5 11. d5 Bd7 12. Qc4 Qb4 1/2-1/2

[Event "Teeside"]
[Site "Teeside"]
[Date "1972.??.??"]
[Round "8"]
[White "Ree, Hans"]
[Black "Sax, Gyula"]
[Result "1/2-1/2"]
[WhiteElo "2430"]
[BlackElo "2400"]
[PlyCount "81"]
[EventDate "1972.??.??"]
[Source "ChessBase"]

1. d4 Nf6 2. c4 g6 3. Nc3 d5 4. Qb3 dxc4 5. Qxc4 Be6 6. Qb5+ Bd7 7. Qb3 Nc6 8. Nf3 Bg7 9. e4 O-O 10. h3 Ne8 11. Be3 e5 12. dxe5 Be6 13. Qb5 Nxe5 14. Nxe5 Nd6 15. Qa5 b6 16. Nc6 bxa5 17. Nxd8 Rfxd8 18. Rc1 f5 19. b3 c5 20. Nb5 Bb2 21. Rc2 Nxb5 22. Bxb5 Ba3 23. e5 f4 24. Bxc5 Bf5 25. Rc4 Rd5 26. Bxa3 Rxe5+ 27. Kd2 Rd8+ 28. Kc1 Rxb5 29. Re1 Rbd5 30. Rc7 Rd2 31. Re8+ Rxe8 32. Kxd2 Rd8+ 33. Ke2 Rd7 34. Rxd7 Bxd7 35. h4 h6 36. Bc5 a6 37. Kf3 Bc6+ 38. Kxf4 Bxg2 39. Bb6 a4 40. bxa4 Bc6 41. a5 1/2-1/2

[Event "Memorial K.Tsiolkovsky (open)"]
[Site "Kaluga (Russia)"]
[Date "2007.08.04"]
[Round "2"]
[White "Evdokimenko Valentin (RUS)"]
[Black "Yandemirov Valeri (RUS)"]
[Result "1/2-1/2"]
[WhiteElo "2325"]
[BlackElo "2504"]
[PlyCount "103"]
[EventDate "2007.??.??"]
[Source "www.chesslib.no"]
[SourceDate "2004.05.04"]

1. d4 Nf6 2. c4 g6 3. Nc3 d5 4. Qb3 dxc4 5. Qxc4 Bg7 6. e4 c6 7. Nf3 O-O 8. Be2 Be6 9. Qd3 Bg4 10. O-O Nbd7 11. Rd1 Qb6 12. Be3 Rfd8 13. Qc2 Rac8 14. Rac1 Nf8 15. h3 Bd7 16. Ne5 Be8 17. b4 Qc7 18. Bc4 N6d7 19. Nf3 a5 20. a3 Nb6 21. Ba2 axb4 22. axb4 Qd6 23. Qb3 Ne6 24. Ne5 Nd7 25. Nc4 Qb8 26. e5 b5 27. Na5 Nb6 28. Ne4 Nd5 29. Nc5 Nxc5 30. Rxc5 Qb6 31. Rdc1 Bf8 32. Bd2 Ra8 33. Qf3 e6 34. Bxd5 cxd5 35. Bg5 Rdb8 36. Bf6 Bd7 37. Qc3 Qa6 38. h4 Rc8 39. Qe3 Qb6 40. h5 Rcb8 41. Qh3 Rc8 42. Qh4 Rxc5 43. dxc5 Qc7 44. Rc3 Be8 45. Qg4 Qc8 46. Rh3 Ra7 47. Qd4 Rc7 48. Qe3 Qd7 49. Qd4 Qc8 50. Qh4 Rd7 51. Qg4 Ra7 52. Qd4 1/2-1/2

[Event "CSR Team Ch"]
[Site "Czekhoslovakia"]
[Date "1989.??.??"]
[Round "?"]
[White "Tibensky, Robert"]
[Black "Konopka, Michal"]
[Result "1/2-1/2"]
[WhiteElo "2395"]
[BlackElo "2405"]
[PlyCount "55"]
[EventDate "1989.??.??"]
[Source "www.chesslib.no"]
[SourceDate "2004.05.04"]

1. d4 Nf6 2. c4 g6 3. Nc3 d5 4. Qb3 dxc4 5. Qxc4 Bg7 6. Bf4 c6 7. e4 O-O 8. Rd1 Qb6 9. Rd2 Be6 10. Qa4 c5 11. d5 Bd7 12. Qc4 Qb4 13. a3 Qxc4 14. Bxc4 a6 15. Nge2 b5 16. Bd3 e6 17. O-O b4 18. Nd1 exd5 19. exd5 Nxd5 20. Bd6 Re8 21. Bxc5 bxa3 22. bxa3 Bc6 23. Ne3 Nd7 24. Nxd5 Bxd5 25. Be3 Bc6 26. Nd4 Bxd4 27. Rc1 Ne5 28. Be2 1/2-1/2

[Event "Andorra"]
[Site "Andorra"]
[Date "1993.??.??"]
[Round "?"]
[White "Roeder, Mathias"]
[Black "Sion Castro, Marcelino"]
[Result "1/2-1/2"]
[WhiteElo "2405"]
[BlackElo "2390"]
[PlyCount "62"]
[EventDate "1993.??.??"]
[Source "www.chesslib.no"]
[SourceDate "2004.05.04"]

1. d4 Nf6 2. c4 g6 3. Nc3 d5 4. Qb3 dxc4 5. Qxc4 Bg7 6. e4 O-O 7. Bf4 Na6 8. Rd1 c5 9. dxc5 Qa5 10. c6 bxc6 11. Qxc6 Nc5 12. Qb5 Qxb5 13. Bxb5 Be6 14. Be3 Rfc8 15. Nd5 Kf8 16. f3 Rab8 17. a4 a6 18. Be2 Rxb2 19. Nxf6 Bxf6 20. Rc1 Nxa4 21. Bxa6 Rxc1+ 22. Bxc1 Bc3+ 23. Kf1 Rb1 24. Ne2 Nc5 25. Kf2 Bg7 26. Rd1 Ke8 27. Bd3 Nxd3+ 28. Rxd3 Bc4 29. Rd1 Bb2 30. Re1 Be5 31. Bf4 Rxe1 1/2-1/2

[Event "It (open)"]
[Site "La Fere (France)"]
[Date "2007.07.08"]
[Round "2"]
[White "Gozzoli Yannick (FRA)"]
[Black "Houriez Clement (FRA)"]
[Result "1-0"]
[WhiteElo "2470"]
[BlackElo "2181"]
[PlyCount "65"]
[EventDate "2007.??.??"]
[Source "www.chesslib.no"]
[SourceDate "2004.05.04"]

1. d4 Nf6 2. c4 g6 3. Nc3 d5 4. Qb3 dxc4 5. Qxc4 Bg7 6. e4 c6 7. Nf3 O-O 8. Be2 Qa5 9. e5 b5 10. Qb3 Be6 11. Qd1 Ne4 12. Qc2 Nxc3 13. bxc3 Nd7 14. Bd2 f6 15. exf6 exf6 16. O-O Bc4 17. Bxc4+ bxc4 18. Qe4 Qd5 19. Qxd5+ cxd5 20. Rfb1 Rfb8 21. Bf4 Rb6 22. a4 Rc8 23. Rb5 Kf7 24. Rxd5 Ke6 25. Rb5 a6 26. Re1+ Kf7 27. Rd5 Nf8 28. Rc5 Rxc5 29. dxc5 Rc6 30. Bd6 Ne6 31. Nd4 Nxd4 32. cxd4 Bh6 33. f4 1-0

[Event "Memorial Rubinstein - Open A"]
[Site "Polanica Zdroj POL"]
[Date "2008.08.27"]
[Round "9.8"]
[White "Fistek, Dariusz"]
[Black "Leniart, Arkadiusz"]
[Result "1-0"]
[WhiteElo "2208"]
[BlackElo "2391"]
[PlyCount "67"]
[EventDate "2008.08.20"]
[Source "www.chesslib.no"]
[SourceDate "2004.05.04"]

1. d4 Nf6 2. c4 g6 3. Nc3 d5 4. Qb3 dxc4 5. Qxc4 Bg7 6. e4 O-O 7. Be2 a6 8. Nf3 b5 9. Qb3 Bb7 10. e5 Nd5 11. O-O Nxc3 12. Qxc3 Nd7 13. a4 bxa4 14. Rxa4 c5 15. dxc5 Qc7 16. Bf4 Qxc5 17. Rc4 Qb5 18. Re1 Bd5 19. Rc7 Qa4 20. g3 Rfd8 21. Bd1 Qa2 22. Nd4 Rab8 23. b3 g5 24. Bxg5 Nxe5 25. Bxe7 Re8 26. Qc2 Qa1 27. Qd2 Nd3 28. Nc2 Nxe1 29. Nxa1 Nf3+ 30. Bxf3 Bxf3 31. Qd3 Ba8 32. Nc2 Be5 33. Qf5 f6 34. Qe6+ 1-0

[Event "Espagne (championnat equipes)"]
[Site "?"]
[Date "2004.08.25"]
[Round "3.6"]
[White "Flear Glenn C"]
[Black "Fernandez Barrera Victor"]
[Result "1/2-1/2"]
[WhiteElo "2455"]
[BlackElo "2083"]
[PlyCount "92"]
[EventDate "2004.??.??"]
[Source "www.chesslib.no"]
[SourceDate "2004.05.04"]

1. d4 Nf6 2. c4 g6 3. Nc3 d5 4. Qb3 dxc4 5. Qxc4 Bg7 6. e4 O-O 7. Be2 Na6 8. Be3 Ng4 9. Bxg4 Bxg4 10. h3 Bd7 11. Nf3 c5 12. dxc5 Qa5 13. O-O Bxc3 14. Qxc3 Qxc3 15. bxc3 Bc6 16. Rfe1 Rfd8 17. Nd4 Ba4 18. Nb3 Rac8 19. Bd4 Rd7 20. Rec1 e5 21. Be3 Rd3 22. Rab1 Bc6 23. Na5 Bxe4 24. Nxb7 Rb8 25. c6 Bxc6 26. Nc5 Rxb1 27. Nxd3 Rxc1+ 28. Nxc1 Nc7 29. c4 a6 30. Nd3 f6 31. Nb4 Bb7 32. Bb6 Ne6 33. h4 Kf7 34. g3 h5 35. a4 Ke7 36. a5 Kd6 37. Kf1 g5 38. hxg5 fxg5 39. Kg1 Nd4 40. c5+ Kd7 41. c6+ Nxc6 42. Nxc6 Bxc6 43. Be3 g4 44. Kf1 Ke6 45. Ke1 Kf5 46. Kd2 Ke4 1/2-1/2

[Event "Francisco Bailen in Memoriam"]
[Site "?"]
[Date "2000.??.??"]
[Round "12"]
[White "Kalashnikov Viktor S"]
[Black "Bergmann Michael"]
[Result "1/2-1/2"]
[WhiteElo "2085"]
[BlackElo "2420"]
[PlyCount "48"]
[EventDate "2000.??.??"]
[Source "www.chesslib.no"]
[SourceDate "2004.05.04"]

1. c4 Nf6 2. d4 g6 3. Nc3 d5 4. Qb3 dxc4 5. Qxc4 Be6 6. Qb5+ Nc6 7. e3 Rb8 8. Nf3 a6 9. Qa4 Bd7 10. Be2 e5 11. dxe5 Nxe5 12. Qc2 Nxf3+ 13. Bxf3 Bd6 14. O-O O-O 15. Rd1 Ng4 16. h3 Nf6 17. e4 Qe7 18. Be3 Bc6 19. Rac1 Rfe8 20. Nd5 Bxd5 21. exd5 Ne4 22. Bxe4 Qxe4 23. Qxe4 Rxe4 24. Kf1 Rbe8 1/2-1/2

[Event "ch-Kyiv Men"]
[Site "Kyiv UKR"]
[Date "2008.01.19"]
[Round "1"]
[White "Zakharchenko, A."]
[Black "Bidkov, A."]
[Result "1/2-1/2"]
[WhiteElo "2309"]
[BlackElo "2187"]
[PlyCount "114"]
[EventDate "2008.01.19"]
[Source "www.chesslib.no"]
[SourceDate "2004.05.04"]

1. d4 Nf6 2. c4 g6 3. Nc3 d5 4. Qb3 dxc4 5. Qxc4 Be6 6. Qb5+ Bd7 7. Qd3 c5 8. d5 Bg7 9. e4 O-O 10. e5 Bf5 11. Qc4 Nfd7 12. f4 Na6 13. a3 Rc8 14. Be3 e6 15. dxe6 Bxe6 16. Qe4 Qc7 17. Nf3 Nb6 18. Nb5 Qe7 19. Nd6 Rc7 20. Bxa6 bxa6 21. Rd1 f6 22. O-O fxe5 23. fxe5 Bf5 24. Nxf5 Rxf5 25. Bf4 Qe8 26. Rd2 Qc6 27. Re1 h6 28. Rd8+ Rf8 29. Rxf8+ Bxf8 30. e6 Qxe4 31. Rxe4 Re7 32. Bd6 Re8 33. e7 Bg7 34. Bxc5 Bxb2 35. a4 Bf6 36. Kf1 Nd5 37. Re6 Kf7 38. Rxa6 Nxe7 39. Rxa7 Rc8 40. Bxe7 Bxe7 41. Ne5+ Ke6 42. Nxg6 Bd6 43. Ra6 Kd5 44. Nh4 Rc2 45. Nf3 h5 46. Ne1 Rd2 47. Nf3 Rc2 48. Ra8 Rc1+ 49. Kf2 Rc2+ 50. Kf1 Rc1+ 51. Ke2 Rc2+ 52. Kd3 Rxg2 53. Rh8 Ra2 54. Rxh5+ Kc6 55. a5 Bc7 56. Nd4+ Kb7 57. Rh7 Rxh2 1/2-1/2

[Event "Memorial Najdorf - Open"]
[Site "Varsavia POL"]
[Date "2008.08.06"]
[Round "5"]
[White "Fistek, D."]
[Black "Przezdziecka, M."]
[Result "1/2-1/2"]
[WhiteElo "2208"]
[BlackElo "2281"]
[PlyCount "114"]
[EventDate "2008.08.02"]
[Source "www.chesslib.no"]
[SourceDate "2004.05.04"]

1. d4 Nf6 2. c4 g6 3. Nc3 d5 4. Qb3 dxc4 5. Qxc4 Bg7 6. e4 O-O 7. Be2 a6 8. Nf3 b5 9. Qb3 Bb7 10. e5 Nd5 11. O-O Nxc3 12. Qxc3 Nd7 13. a4 Rb8 14. Bg5 h6 15. Bh4 b4 16. Qc4 g5 17. Bg3 e6 18. Rfc1 Nb6 19. Qxb4 h5 20. h3 Bh6 21. Rd1 Nd5 22. Qc5 Qd7 23. Nd2 h4 24. Bh2 Kh8 25. Bf3 Ba8 26. b3 Rfc8 27. Rab1 Bf8 28. Qc1 Be7 29. Ne4 Qd8 30. Nf6 Nxf6 31. exf6 Bxf6 32. Bxa8 Rxa8 33. Be5 Bg7 34. Bxg7+ Kxg7 35. Qe3 Qe7 36. Rbc1 Rab8 37. Rc5 f6 38. Rdc1 Rb6 39. Qc3 Kh6 40. Qc4 Rd6 41. Rc6 Rxc6 42. Qxc6 Rd8 43. Rc4 Rd6 44. Qc5 Qd8 45. Qa7 Rb6 46. b4 Qd6 47. a5 Rxb4 48. Rxb4 Qxb4 49. Qxa6 Qe1+ 50. Kh2 Qxf2 51. Qxe6 Qf4+ 52. Kh1 Qxd4 53. a6 Qa1+ 54. Kh2 c5 55. Qb3 Qe5+ 56. Kh1 Qe1+ 57. Kh2 Qe5+ 1/2-1/2

[Event "Bucharest-A (Women)"]
[Site "Bucharest"]
[Date "2000.??.??"]
[Round "2"]
[White "Olarasu, Gabriela"]
[Black "Moshina, Cristina"]
[Result "1/2-1/2"]
[WhiteElo "2321"]
[BlackElo "2160"]
[PlyCount "106"]
[EventDate "2000.03.??"]
[Source "www.chesslib.no"]
[SourceDate "2004.05.04"]

1. d4 Nf6 2. c4 g6 3. Nc3 d5 4. Qb3 dxc4 5. Qxc4 Na6 6. Nf3 Bg7 7. e4 O-O 8. Be2 c5 9. d5 e6 10. O-O Ne8 11. Bg5 Bf6 12. Bh6 Bg7 13. Bxg7 Kxg7 14. Rad1 Nd6 15. Qb3 c4 16. Bxc4 Nc5 17. Qb4 Qb6 18. Qxb6 axb6 19. Bd3 exd5 20. exd5 Nxd3 21. Rxd3 Bf5 22. Rd4 Rfc8 23. Nd2 b5 24. g4 Bd7 25. Re1 Re8 26. Rxe8 Rxe8 27. f3 Re1+ 28. Kf2 Rc1 29. Nde4 Nxe4+ 30. Nxe4 f5 31. gxf5 gxf5 32. Nd2 Rc2 33. b3 Rxa2 34. Ke3 Rc2 35. b4 b6 36. f4 Kf6 37. Nf3 Ke7 38. d6+ Kf6 39. h4 Rc3+ 40. Ke2 Rc2+ 41. Kd3 Rg2 42. Ne5 Rg3+ 43. Ke2 Ke6 44. Nxd7 Kxd7 45. Rd5 Rg4 46. Rxf5 Rxh4 47. Rf6 Rh3 48. f5 Rh4 49. Ke3 Rxb4 50. Rh6 Rc4 51. Rxh7+ Kxd6 52. Rh6+ Ke5 53. Rxb6 Kxf5 1/2-1/2

[Event "Budapest HUN"]
[Site "?"]
[Date "2005.03.11"]
[Round "7"]
[White "Zakharchenko Arnold"]
[Black "Katsuhara Osamu"]
[Result "1-0"]
[WhiteElo "2292"]
[BlackElo "2083"]
[PlyCount "109"]
[EventDate "2005.??.??"]
[Source "www.chesslib.no"]
[SourceDate "2004.05.04"]

1. d4 Nf6 2. c4 g6 3. Nc3 d5 4. Qb3 dxc4 5. Qxc4 Bg7 6. e4 O-O 7. Be2 Na6 8. Nf3 c5 9. d5 e6 10. O-O exd5 11. exd5 Bf5 12. Be3 Qb6 13. b3 Rfe8 14. Rac1 Ng4 15. Bd2 Rad8 16. h3 Nf6 17. Be3 Qa5 18. Qb5 Qb4 19. Rfd1 Ne4 20. Nxe4 Bxe4 21. Bxc5 Qxb5 22. Bxb5 Bxf3 23. gxf3 Re5 24. Bxa6 bxa6 25. Be3 Bf8 26. Rc6 a5 27. d6 a4 28. d7 axb3 29. axb3 Rb5 30. Bxa7 Rb7 31. Rc8 Be7 32. Bc5 Bg5 33. Rd5 Bh4 34. Rxd8+ Bxd8 35. b4 f6 36. Kf1 Kf7 37. Rd6 Rb8 38. Ke2 Be7 39. Rd5 Ke6 40. Bxe7 Kxe7 41. d8=Q+ Rxd8 42. Rxd8 Kxd8 43. Kd3 Kc7 44. Kc4 Kb6 45. f4 f5 46. h4 Kc6 47. b5+ Kb6 48. Kb4 Kb7 49. Kc5 Kc7 50. b6+ Kb7 51. Kb5 Kb8 52. Kc6 Kc8 53. b7+ Kb8 54. Kb6 h6 55. Kc6 1-0

[Event "Brasschaat"]
[Site "?"]
[Date "2005.08.27"]
[Round "9.3"]
[White "Vanderhallen Nicolas"]
[Black "Van Weersel Arlette"]
[Result "1/2-1/2"]
[WhiteElo "2160"]
[BlackElo "2173"]
[PlyCount "74"]
[EventDate "2005.??.??"]
[Source "www.chesslib.no"]
[SourceDate "2004.05.04"]

1. d4 Nf6 2. c4 g6 3. Nc3 d5 4. Qb3 dxc4 5. Qxc4 a6 6. Bf4 c6 7. e4 b5 8. Qd3 Bg7 9. Nf3 O-O 10. Be2 Nbd7 11. O-O Bb7 12. b4 a5 13. a3 Nh5 14. Bg5 f6 15. Be3 Qc7 16. d5 f5 17. Rac1 axb4 18. Nxb5 Qc8 19. dxc6 Bxc6 20. Qc4+ Kh8 21. Qxc6 Qxc6 22. Rxc6 bxa3 23. Bd4 e5 24. Bc3 Nf4 25. Bc4 Rfc8 26. Rxc8+ Rxc8 27. g3 Rxc4 28. gxf4 Rc5 29. Rd1 a2 30. fxe5 fxe4 31. e6 Bxc3 32. exd7 Bf6 33. Nfd4 Rd5 34. Ra1 Bxd4 35. Rxa2 Bf6 36. Ra6 Kg7 37. Nd6 Be7 1/2-1/2

[Event "POL-chT2"]
[Site "?"]
[Date "2003.09.06"]
[Round "1"]
[White "Szczecina Michal"]
[Black "Kos Pawel"]
[Result "1-0"]
[WhiteElo "2069"]
[BlackElo "2233"]
[PlyCount "105"]
[EventDate "2003.??.??"]
[Source "www.chesslib.no"]
[SourceDate "2004.05.04"]

1. d4 Nf6 2. c4 g6 3. Nc3 d5 4. Qb3 dxc4 5. Qxc4 Bg7 6. e4 O-O 7. Bf4 Na6 8. Rd1 c5 9. d5 Qa5 10. Bd2 Bg4 11. Be2 Qb4 12. Nf3 e6 13. b3 exd5 14. Nxd5 Qxc4 15. Nxf6+ Bxf6 16. Bxc4 Nc7 17. Bf4 Ne6 18. Bxe6 Bxe6 19. Bd6 Bc3+ 20. Ke2 Rfe8 21. Bxc5 Rac8 22. Be3 a5 23. Ng5 a4 24. Nxe6 Rxe6 25. f3 axb3 26. axb3 Ra6 27. f4 b5 28. Rb1 Ra2+ 29. Kf3 b4 30. Rhd1 h5 31. h3 Rc7 32. e5 Rc6 33. Rd6 Rc7 34. g4 h4 35. g5 Kg7 36. Bb6 Rc8 37. Bd8 Rxd8 38. Rxd8 Rh2 39. Kg4 Rg2+ 40. Kxh4 Bd2 41. Rf1 Be3 42. Rd3 Bc5 43. Rg3 Bf2 44. Rxf2 Rxf2 45. Kg4 Kf8 46. Rd3 Rb2 47. h4 Rg2+ 48. Kf3 Rb2 49. Ke4 Ke7 50. Kd5 Rh2 51. Rd4 Rxh4 52. Kc4 Ke6 53. f5+ 1-0

[Event "Piremon Nyirsegi Torna op"]
[Site "?"]
[Date "2002.07.01"]
[Round "3"]
[White "Bodrogi Laszlo"]
[Black "Karsai Istvan"]
[Result "1-0"]
[WhiteElo "2056"]
[BlackElo "2154"]
[PlyCount "63"]
[EventDate "2002.??.??"]
[Source "www.chesslib.no"]
[SourceDate "2004.05.04"]

1. d4 Nf6 2. c4 g6 3. Nc3 d5 4. Qb3 dxc4 5. Qxc4 Be6 6. Qb5+ Bd7 7. Qd3 Nc6 8. Nf3 Nb4 9. Qb1 c5 10. dxc5 Bg7 11. e4 O-O 12. Be2 Qc7 13. a3 Na6 14. b4 Bc6 15. O-O Ng4 16. Bb2 f5 17. Nd5 Bxd5 18. exd5 Qf4 19. g3 Qh6 20. Bc4 Kh8 21. Bxg7+ Kxg7 22. Qb2+ Rf6 23. Rfe1 f4 24. h4 fxg3 25. fxg3 Ne3 26. Ba2 Raf8 27. Ng5 Nf5 28. Ne6+ Kg8 29. Nxf8 Nxg3 30. d6+ Kxf8 31. dxe7+ Ke8 32. Qxf6 1-0